LEADER 01213nam0-22003851--450- 001 990007250930403321 005 20051206113809.0 035 $a000725093 035 $aFED01000725093 035 $a(Aleph)000725093FED01 035 $a000725093 100 $a20021021d1996----km-y0itay50------ba 101 0 $aita 102 $aIT 105 $ay---n---001yy 200 1 $aRiforme amministrative e responsabilita' dei pubblici dipendenti$fa cura di Marco Cammelli, Carlo Bottari, Sandra Recchione 210 $aRimini$cMaggioli$d1996. 215 $a293 p.$d24 cm 225 1 $aQuaderni della Spisa$v3 300 $aIn testa al front.: Università degli studi di Bologna 676 $a342$v11 rid.$zita 676 $a342.068$v19$zita 702 1$aBottari,$bCarlo$f<1950- > 702 1$aCammelli,$bMarco$f<1944- > 702 1$aRecchione,$bSandra 801 0$aIT$bUNINA$gRICA$2UNIMARC 901 $aBK 912 $a990007250930403321 952 $aD-79$b8016 dip.$fDDRC 952 $aD-79;A-VIII-151$b8016, 8051 dip.$fDDRC 952 $aVI B 818$bs.i.$fDDA 959 $aDDA 959 $aDDRC 996 $aRiforme amministrative e responsabilita' dei pubblici dipendenti$9687304 997 $aUNINA LEADER 01015nam0-22003491i-450- 001 990003789370403321 005 20001010 010 $a88-7078-337-5 035 $a000378937 035 $aFED01000378937 035 $a(Aleph)000378937FED01 035 $a000378937 100 $a20001010d--------km-y0itay50------ba 101 0 $aita 105 $ay-------001yy 200 1 $aRagione e piacere$edalla scienza all'arte$fJean-Pierre Changeux$gtraduzione di Vittorio Beonio-Brocchier 205 $a1. ed. 210 $aMilano$cCortina$d1995 215 $avii, 181 p.$cfig.$d22 cm 225 1 $aScienza e idee$v11 300 $aTrad. di Raison et plaisir. - 610 0 $aCREATIVITA'$aAspetti neurofisiologici e psicologici 676 $a153.35 700 1$aChangeux,$bJean-Pierre$0143934 801 0$aIT$bUNINA$gRICA$2UNIMARC 901 $aBK 912 $a990003789370403321 952 $a153.35 CHA 1$b5718$fBFS 959 $aBFS 996 $aRagione e piacere$9506431 997 $aUNINA DB $aING01 LEADER 01886nam 2200601Ia 450 001 9910450628303321 005 20220119194721.0 010 $a1-282-86141-7 010 $a9786612861413 010 $a0-7735-7138-8 035 $a(CKB)1000000000244908 035 $a(SSID)ssj0000280029 035 $a(PQKBManifestationID)11912402 035 $a(PQKBTitleCode)TC0000280029 035 $a(PQKBWorkID)10268721 035 $a(PQKB)11376284 035 $a(MiAaPQ)EBC3330701 035 $a(CaPaEBR)400134 035 $a(CaBNvSL)gtp00521414 035 $a(MiAaPQ)EBC3243445 035 $a(Au-PeEL)EBL3330701 035 $a(CaPaEBR)ebr10132884 035 $a(CaONFJC)MIL286141 035 $a(OCoLC)929120871 035 $a(EXLCZ)991000000000244908 100 $a20030409d2003 uy 0 101 0 $aeng 135 $aurcn||||||||| 181 $ctxt 182 $cc 183 $acr 200 12$aA great duty$b[electronic resource] $eCanadian responses to modern life and mass culture in Canada, 1939-1967 /$fL.B. Kuffert 210 $aMontre?al $cMcGill-Queen's University Press$dc2003 215 $a1 online resource (348 pages) 225 1 $aCarleton library ;$v199 300 $aBibliographic Level Mode of Issuance: Monograph 311 0 $a0-7735-2601-3 311 0 $a0-7735-2600-5 320 $aIncludes bibliographical references (p. [319]-341) and index. 410 0$aCarleton library series ;$v199. 606 $aPopular culture$zCanada$xHistory$y20th century 607 $aCanada$xCivilization$y20th century 608 $aElectronic books. 615 0$aPopular culture$xHistory 676 $a306/.0971 700 $aKuffert$b L. B$g(Leonard B.)$0895813 801 0$bMiAaPQ 801 1$bMiAaPQ 801 2$bMiAaPQ 906 $aBOOK 912 $a9910450628303321 996 $aA great duty$92001192 997 $aUNINA LEADER 00809nam0 2200289 450 001 9910570000803321 005 20220608094950.0 010 $a9788835121411 100 $a20220608d2022----km y0itay50 ba 101 0 $aita 102 $aIT 105 $a 001yy 200 1 $aCommemorare una strage$ela memoria pubblica di Piazza Fontana 12 dicembre 1969$fLia Luchetti 210 $aMilano$cFrancoAngeli$d2022 215 $a193 p.$d23 cm 225 1 $aSociologia$v819 454 0$12001 610 0 $aTerrorismo$aItalia$a1969 676 $a322.42$v22$zita 700 1$aLuchetti,$bLia$01231015 801 0$aIT$bUNINA$gREICAT$2UNIMARC 901 $aBK 912 $a9910570000803321 952 $a322.42 LUC 1$b9234$fBFS 959 $aBFS 996 $aCommemorare una strage$92858182 997 $aUNINA